<?xml version="1.0" encoding="UTF-8"?>
<record
    xmlns:xsi="http://www.w3.org/2001/XMLSchema-instance"
    xsi:schemaLocation="http://www.loc.gov/MARC21/slim http://www.loc.gov/standards/marcxml/schema/MARC21slim.xsd"
    xmlns="http://www.loc.gov/MARC21/slim">

  <leader>05076cam a22008534i 4500</leader>
  <controlfield tag="003">PE-LiUPU</controlfield>
  <controlfield tag="005">20250731170409.0</controlfield>
  <controlfield tag="008">120420s2012    sp a    rb    000 0 spa d</controlfield>
  <datafield tag="020" ind1=" " ind2=" ">
    <subfield code="a">9788436826555</subfield>
  </datafield>
  <datafield tag="035" ind1=" " ind2=" ">
    <subfield code="a">(Sirsi) i9788436826555</subfield>
  </datafield>
  <datafield tag="040" ind1=" " ind2=" ">
    <subfield code="a">PE-LiUPU</subfield>
    <subfield code="b">spa</subfield>
    <subfield code="c">PE-LiUPU</subfield>
    <subfield code="e">rda</subfield>
  </datafield>
  <datafield tag="049" ind1=" " ind2=" ">
    <subfield code="a">PRUA</subfield>
  </datafield>
  <datafield tag="080" ind1=" " ind2=" ">
    <subfield code="a">159.938.3</subfield>
  </datafield>
  <datafield tag="082" ind1="0" ind2="4">
    <subfield code="a">150.15195</subfield>
    <subfield code="b">B76 2012</subfield>
  </datafield>
  <datafield tag="082" ind1="0" ind2="4">
    <subfield code="a">159.938</subfield>
    <subfield code="b">B76 T1</subfield>
  </datafield>
  <datafield tag="100" ind1="1" ind2=" ">
    <subfield code="a">Botella Ausina, Juan,</subfield>
    <subfield code="e">autor.</subfield>
  </datafield>
  <datafield tag="245" ind1="1" ind2="0">
    <subfield code="a">An&#xE1;lisis de datos en psicolog&#xED;a I /</subfield>
    <subfield code="c">Juan Botella Ausina, Manuel Suero Su&#xF1;e, Carmen Xim&#xE9;nez G&#xF3;mez.</subfield>
  </datafield>
  <datafield tag="264" ind1=" " ind2="1">
    <subfield code="a">Madrid :</subfield>
    <subfield code="b">Pir&#xE1;mide,</subfield>
    <subfield code="c">2012.</subfield>
  </datafield>
  <datafield tag="300" ind1=" " ind2=" ">
    <subfield code="a">437 p&#xE1;ginas :</subfield>
    <subfield code="b">ilsutraciones ;</subfield>
    <subfield code="c">24 cent&#xED;metros.</subfield>
  </datafield>
  <datafield tag="336" ind1=" " ind2=" ">
    <subfield code="a">text</subfield>
    <subfield code="2">rdacontent</subfield>
  </datafield>
  <datafield tag="337" ind1=" " ind2=" ">
    <subfield code="a">unmediated</subfield>
    <subfield code="2">rdamedia</subfield>
  </datafield>
  <datafield tag="338" ind1=" " ind2=" ">
    <subfield code="a">volume</subfield>
    <subfield code="2">rdacarrier</subfield>
  </datafield>
  <datafield tag="490" ind1="0" ind2=" ">
    <subfield code="a">Colecci&#xF3;n "Psicolog&#xED;a"</subfield>
  </datafield>
  <datafield tag="504" ind1=" " ind2=" ">
    <subfield code="a">Incluye bibliograf&#xED;a : p&#xE1;ginas : [435]-437.</subfield>
  </datafield>
  <datafield tag="505" ind1="0" ind2=" ">
    <subfield code="a">Conceptos generales -- Estad&#xED;stica descriptiva con una variable -- Organizaci&#xF3;n y representaci&#xF3;n de datos. Medidas de posici&#xF3;n -- Estad&#xED;sticos invariados: tendencia central, variabilidad, asimetr&#xED;a y cutosis -- Trasformaci&#xF3;n de puntuaciones. Puntuaciones t&#xED;picas y escalas derivadas -- Estad&#xED;stica descriptiva con dos variables -- Correlaci&#xF3;n lineal -- Combinaci&#xF3;n lineal de variables -- Regresi&#xF3;n lineal -- Organizaci&#xF3;n y descripci&#xF3;n de datos con m&#xE1;s de una variable -- Probabilidad -- Introducci&#xF3;n a la probabilidad -- Variables aleatorias -- Modelos de distribuci&#xF3;n de probabilidad: variables discretas -- Modelos de distribuci&#xF3;n de probabilidad: variables continuas -- Introducci&#xF3;n a la inferencia estad&#xED;stica -- Distribuci&#xF3;n muestral de un estad&#xED;stico -- La l&#xF3;gica del contraste de hip&#xF3;tesis -- Contraste de hip&#xF3;tesis sobre algunos par&#xE1;metros.</subfield>
  </datafield>
  <datafield tag="526" ind1=" " ind2=" ">
    <subfield code="a">SEG68</subfield>
  </datafield>
  <datafield tag="526" ind1=" " ind2=" ">
    <subfield code="a">SEG70</subfield>
  </datafield>
  <datafield tag="526" ind1=" " ind2=" ">
    <subfield code="a">SEG69</subfield>
  </datafield>
  <datafield tag="526" ind1=" " ind2=" ">
    <subfield code="a">SEG67</subfield>
  </datafield>
  <datafield tag="526" ind1=" " ind2=" ">
    <subfield code="a">SEG43</subfield>
  </datafield>
  <datafield tag="526" ind1=" " ind2=" ">
    <subfield code="a">P144</subfield>
  </datafield>
  <datafield tag="526" ind1=" " ind2=" ">
    <subfield code="a">P143</subfield>
  </datafield>
  <datafield tag="526" ind1=" " ind2=" ">
    <subfield code="a">P131</subfield>
  </datafield>
  <datafield tag="526" ind1=" " ind2=" ">
    <subfield code="a">P122</subfield>
  </datafield>
  <datafield tag="526" ind1=" " ind2=" ">
    <subfield code="a">P120</subfield>
  </datafield>
  <datafield tag="526" ind1=" " ind2=" ">
    <subfield code="a">P117</subfield>
  </datafield>
  <datafield tag="526" ind1=" " ind2=" ">
    <subfield code="a">P112</subfield>
  </datafield>
  <datafield tag="526" ind1=" " ind2=" ">
    <subfield code="a">P110</subfield>
  </datafield>
  <datafield tag="526" ind1=" " ind2=" ">
    <subfield code="a">P106</subfield>
  </datafield>
  <datafield tag="526" ind1=" " ind2=" ">
    <subfield code="a">P101</subfield>
  </datafield>
  <datafield tag="526" ind1=" " ind2=" ">
    <subfield code="a">P80</subfield>
  </datafield>
  <datafield tag="526" ind1=" " ind2=" ">
    <subfield code="a">P59</subfield>
  </datafield>
  <datafield tag="526" ind1=" " ind2=" ">
    <subfield code="a">P54</subfield>
  </datafield>
  <datafield tag="526" ind1=" " ind2=" ">
    <subfield code="a">P35</subfield>
  </datafield>
  <datafield tag="526" ind1=" " ind2=" ">
    <subfield code="a">P33</subfield>
  </datafield>
  <datafield tag="526" ind1=" " ind2=" ">
    <subfield code="a">P30</subfield>
  </datafield>
  <datafield tag="541" ind1=" " ind2=" ">
    <subfield code="g">0020-0002813;</subfield>
  </datafield>
  <datafield tag="541" ind1=" " ind2=" ">
    <subfield code="g">F002.00000834;</subfield>
  </datafield>
  <datafield tag="650" ind1="1" ind2="7">
    <subfield code="a">Psicometr&#xED;a.</subfield>
    <subfield code="2">embne</subfield>
  </datafield>
  <datafield tag="650" ind1="2" ind2="4">
    <subfield code="a">Psicolog&#xED;a</subfield>
    <subfield code="x">M&#xE9;todos estad&#xED;sticos.</subfield>
  </datafield>
  <datafield tag="700" ind1="1" ind2=" ">
    <subfield code="a">Suero Su&#xF1;e, Manuel,</subfield>
    <subfield code="e">autor.</subfield>
  </datafield>
  <datafield tag="700" ind1="1" ind2=" ">
    <subfield code="a">Xim&#xE9;nez G&#xF3;mez, Carmen,</subfield>
    <subfield code="e">autor.</subfield>
  </datafield>
  <datafield tag="910" ind1=" " ind2=" ">
    <subfield code="a">jck</subfield>
    <subfield code="c">ng</subfield>
  </datafield>
  <datafield tag="910" ind1=" " ind2=" ">
    <subfield code="b">tqv</subfield>
    <subfield code="c">welc</subfield>
    <subfield code="d">20161123</subfield>
  </datafield>
  <datafield tag="910" ind1=" " ind2=" ">
    <subfield code="a">rmch</subfield>
    <subfield code="b">tqv</subfield>
    <subfield code="c">jfb</subfield>
    <subfield code="d">20190130</subfield>
  </datafield>
  <datafield tag="910" ind1=" " ind2=" ">
    <subfield code="a">rmch</subfield>
    <subfield code="b">tqv</subfield>
    <subfield code="c">welc</subfield>
    <subfield code="d">20170731</subfield>
  </datafield>
  <datafield tag="942" ind1=" " ind2=" ">
    <subfield code="2">ddc</subfield>
    <subfield code="c">BOOK</subfield>
  </datafield>
  <datafield tag="949" ind1=" " ind2=" ">
    <subfield code="a">150.15195 B76 2012</subfield>
    <subfield code="w">DEWEY</subfield>
    <subfield code="c">1</subfield>
    <subfield code="i">70276</subfield>
    <subfield code="d">2016-11-20</subfield>
    <subfield code="e">2016-11-16</subfield>
    <subfield code="l">CCODEBUL1</subfield>
    <subfield code="m">BUL</subfield>
    <subfield code="n">3</subfield>
    <subfield code="p">39.00</subfield>
    <subfield code="r">0</subfield>
    <subfield code="s">Y</subfield>
    <subfield code="t">BOOK</subfield>
    <subfield code="u">2015-7-30</subfield>
    <subfield code="x">SALUD</subfield>
    <subfield code="P">P33</subfield>
    <subfield code="0">COMPRA</subfield>
    <subfield code="o">.STAFF. Colecci&#xF3;n General</subfield>
  </datafield>
  <datafield tag="949" ind1=" " ind2=" ">
    <subfield code="a">159.938 B76 T1 2012</subfield>
    <subfield code="w">DEWEY</subfield>
    <subfield code="c">1</subfield>
    <subfield code="i">FJ04385</subfield>
    <subfield code="l">CCODEBUJ1</subfield>
    <subfield code="m">BUJ</subfield>
    <subfield code="p">39.00</subfield>
    <subfield code="r">0</subfield>
    <subfield code="s">Y</subfield>
    <subfield code="t">BOOK</subfield>
    <subfield code="u">2015-10-12</subfield>
    <subfield code="x">SALUD</subfield>
    <subfield code="P">P33</subfield>
    <subfield code="0">COMPRA</subfield>
    <subfield code="o">.STAFF. Colecci&#xF3;n General Juliaca</subfield>
  </datafield>
  <datafield tag="949" ind1=" " ind2=" ">
    <subfield code="a">159.938 B76 T1 2012</subfield>
    <subfield code="w">DEWEY</subfield>
    <subfield code="c">1</subfield>
    <subfield code="i">FJ06726</subfield>
    <subfield code="l">CCODEBUJ1</subfield>
    <subfield code="m">BUJ</subfield>
    <subfield code="p">50.91</subfield>
    <subfield code="r">0</subfield>
    <subfield code="s">Y</subfield>
    <subfield code="t">BOOK</subfield>
    <subfield code="u">2016-11-23</subfield>
    <subfield code="x">SALUD</subfield>
    <subfield code="P">P33</subfield>
    <subfield code="0">COMPRA</subfield>
    <subfield code="o">.STAFF. Colecci&#xF3;n General Juliaca</subfield>
  </datafield>
  <datafield tag="949" ind1=" " ind2=" ">
    <subfield code="a">159.938 B76 T1 2012</subfield>
    <subfield code="w">DEWEY</subfield>
    <subfield code="c">2</subfield>
    <subfield code="i">FJ08313</subfield>
    <subfield code="l">CCODEBUJ1</subfield>
    <subfield code="m">BUJ</subfield>
    <subfield code="p">51.40</subfield>
    <subfield code="r">0</subfield>
    <subfield code="s">Y</subfield>
    <subfield code="t">BOOK</subfield>
    <subfield code="u">2017-07-31</subfield>
    <subfield code="x">SALUD</subfield>
    <subfield code="P">P33</subfield>
    <subfield code="0">COMPRA</subfield>
    <subfield code="o">.STAFF. Colecci&#xF3;n General Juliaca</subfield>
  </datafield>
  <datafield tag="949" ind1=" " ind2=" ">
    <subfield code="a">159.938 B76 T1 2012</subfield>
    <subfield code="w">DEWEY</subfield>
    <subfield code="c">3</subfield>
    <subfield code="i">FJ08314</subfield>
    <subfield code="l">CCODEBUJ1</subfield>
    <subfield code="m">BUJ</subfield>
    <subfield code="p">51.40</subfield>
    <subfield code="r">0</subfield>
    <subfield code="s">Y</subfield>
    <subfield code="t">BOOK</subfield>
    <subfield code="u">2017-07-31</subfield>
    <subfield code="x">SALUD</subfield>
    <subfield code="P">P33</subfield>
    <subfield code="0">COMPRA</subfield>
    <subfield code="o">.STAFF. Colecci&#xF3;n General Juliaca</subfield>
  </datafield>
  <datafield tag="949" ind1=" " ind2=" ">
    <subfield code="a">159.938 B76 T1 2012</subfield>
    <subfield code="w">DEWEY</subfield>
    <subfield code="c">4</subfield>
    <subfield code="i">FJ12478</subfield>
    <subfield code="l">CCODEBUJ1</subfield>
    <subfield code="m">BUJ</subfield>
    <subfield code="p">55.00</subfield>
    <subfield code="r">0</subfield>
    <subfield code="s">Y</subfield>
    <subfield code="t">BOOK</subfield>
    <subfield code="u">2019-01-30</subfield>
    <subfield code="x">SALUD</subfield>
    <subfield code="P">P33</subfield>
    <subfield code="0">COMPRA</subfield>
    <subfield code="o">.STAFF. Colecci&#xF3;n General Juliaca</subfield>
  </datafield>
  <datafield tag="994" ind1=" " ind2=" ">
    <subfield code="a">C0</subfield>
    <subfield code="b">PEPRU</subfield>
  </datafield>
  <datafield tag="596" ind1=" " ind2=" ">
    <subfield code="a">1 3</subfield>
  </datafield>
  <datafield tag="999" ind1=" " ind2=" ">
    <subfield code="a">150.15195 B76 2012</subfield>
    <subfield code="w">DEWEY</subfield>
    <subfield code="c">6571</subfield>
    <subfield code="i">70276</subfield>
    <subfield code="d">6571</subfield>
    <subfield code="e">2016-11-16</subfield>
    <subfield code="f">2021-11-3</subfield>
    <subfield code="g">5</subfield>
    <subfield code="l">CCODEBUL1</subfield>
    <subfield code="m">BUL</subfield>
    <subfield code="n">3</subfield>
    <subfield code="p">39.00</subfield>
    <subfield code="q">2</subfield>
    <subfield code="r">0</subfield>
    <subfield code="s">Y</subfield>
    <subfield code="t">BOOK</subfield>
    <subfield code="u">2015-7-30</subfield>
    <subfield code="x">SALUD</subfield>
    <subfield code="P">P33</subfield>
    <subfield code="0">COMPRA</subfield>
    <subfield code="o">.STAFF. Colecci&#xF3;n Ciencias de la Salud</subfield>
  </datafield>
  <datafield tag="999" ind1=" " ind2=" ">
    <subfield code="a">159.938 B76 T1 2012</subfield>
    <subfield code="w">DEWEY</subfield>
    <subfield code="c">1</subfield>
    <subfield code="i">FJ06726</subfield>
    <subfield code="d">2017-9-8</subfield>
    <subfield code="e">2017-5-2</subfield>
    <subfield code="f">2022-1-17</subfield>
    <subfield code="g">4</subfield>
    <subfield code="l">CCODEBUJ1</subfield>
    <subfield code="m">BUJ</subfield>
    <subfield code="n">1</subfield>
    <subfield code="p">50.91</subfield>
    <subfield code="q">1</subfield>
    <subfield code="r">0</subfield>
    <subfield code="s">Y</subfield>
    <subfield code="t">BOOK</subfield>
    <subfield code="u">2017-2-13</subfield>
    <subfield code="x">SALUD</subfield>
    <subfield code="P">P33</subfield>
    <subfield code="0">COMPRA</subfield>
    <subfield code="o">.STAFF. Colecci&#xF3;n General Juliaca</subfield>
  </datafield>
  <datafield tag="999" ind1=" " ind2=" ">
    <subfield code="a">159.938 B76 T1 2012</subfield>
    <subfield code="w">DEWEY</subfield>
    <subfield code="c">2</subfield>
    <subfield code="i">FJ08313</subfield>
    <subfield code="d">2018-3-23</subfield>
    <subfield code="f">2022-1-17</subfield>
    <subfield code="g">4</subfield>
    <subfield code="l">CCODEBUJ1</subfield>
    <subfield code="m">BUJ</subfield>
    <subfield code="p">51.40</subfield>
    <subfield code="q">1</subfield>
    <subfield code="r">0</subfield>
    <subfield code="s">Y</subfield>
    <subfield code="t">BOOK</subfield>
    <subfield code="u">2017-7-31</subfield>
    <subfield code="x">SALUD</subfield>
    <subfield code="P">P33</subfield>
    <subfield code="0">COMPRA</subfield>
    <subfield code="o">.STAFF. Colecci&#xF3;n General Juliaca</subfield>
  </datafield>
  <datafield tag="999" ind1=" " ind2=" ">
    <subfield code="a">159.938 B76 T1 2012</subfield>
    <subfield code="w">DEWEY</subfield>
    <subfield code="c">3</subfield>
    <subfield code="i">FJ08314</subfield>
    <subfield code="f">2022-1-17</subfield>
    <subfield code="g">4</subfield>
    <subfield code="l">CCODEBUJ1</subfield>
    <subfield code="m">BUJ</subfield>
    <subfield code="p">51.40</subfield>
    <subfield code="r">0</subfield>
    <subfield code="s">Y</subfield>
    <subfield code="t">BOOK</subfield>
    <subfield code="u">2017-7-31</subfield>
    <subfield code="x">SALUD</subfield>
    <subfield code="P">P33</subfield>
    <subfield code="0">COMPRA</subfield>
    <subfield code="o">.STAFF. Colecci&#xF3;n General Juliaca</subfield>
  </datafield>
  <datafield tag="999" ind1=" " ind2=" ">
    <subfield code="a">159.938 B76 T1 2012</subfield>
    <subfield code="w">DEWEY</subfield>
    <subfield code="c">4</subfield>
    <subfield code="i">FJ04385</subfield>
    <subfield code="f">2022-1-17</subfield>
    <subfield code="g">4</subfield>
    <subfield code="l">CCODEBUJ1</subfield>
    <subfield code="m">BUJ</subfield>
    <subfield code="p">39.00</subfield>
    <subfield code="r">0</subfield>
    <subfield code="s">Y</subfield>
    <subfield code="t">BOOK</subfield>
    <subfield code="u">2019-1-30</subfield>
    <subfield code="x">SALUD</subfield>
    <subfield code="P">P33</subfield>
    <subfield code="0">COMPRA</subfield>
    <subfield code="o">.STAFF. Colecci&#xF3;n General Juliaca</subfield>
  </datafield>
  <datafield tag="999" ind1=" " ind2=" ">
    <subfield code="a">159.938 B76 T1 2012</subfield>
    <subfield code="w">DEWEY</subfield>
    <subfield code="c">5</subfield>
    <subfield code="i">FJ12478</subfield>
    <subfield code="d">2019-8-16</subfield>
    <subfield code="f">2022-1-17</subfield>
    <subfield code="g">3</subfield>
    <subfield code="l">CCODEBUJ1</subfield>
    <subfield code="m">BUJ</subfield>
    <subfield code="p">55.00</subfield>
    <subfield code="q">1</subfield>
    <subfield code="r">0</subfield>
    <subfield code="s">Y</subfield>
    <subfield code="t">BOOK</subfield>
    <subfield code="u">2019-1-30</subfield>
    <subfield code="x">SALUD</subfield>
    <subfield code="P">P33</subfield>
    <subfield code="0">COMPRA</subfield>
    <subfield code="1">FCOMPR2</subfield>
    <subfield code="2">UNKNOWN</subfield>
    <subfield code="o">.STAFF. Colecci&#xF3;n general Juliaca</subfield>
  </datafield>
  <datafield tag="980" ind1=" " ind2=" ">
    <subfield code="8">1</subfield>
    <subfield code="g">ALBERTO SANCHEZ Responsable de Automatizaci&#xF3;n</subfield>
  </datafield>
  <datafield tag="952" ind1=" " ind2=" ">
    <subfield code="r">2025-12-02 00:00:00</subfield>
    <subfield code="i">6</subfield>
    <subfield code="l">3</subfield>
    <subfield code="o">150.15195 B76 2012</subfield>
    <subfield code="p">70276</subfield>
    <subfield code="s">2016-11-16</subfield>
    <subfield code="t">e1</subfield>
    <subfield code="v">44.00</subfield>
    <subfield code="w">2015-07-30</subfield>
    <subfield code="x">FCS</subfield>
    <subfield code="y">BK</subfield>
    <subfield code="z">inventario-2023-12-13</subfield>
    <subfield code="1">0</subfield>
    <subfield code="2">ddc</subfield>
    <subfield code="5">0</subfield>
    <subfield code="7">0</subfield>
    <subfield code="8">GEN</subfield>
    <subfield code="f">P33</subfield>
    <subfield code="a">BUL</subfield>
    <subfield code="b">BUL</subfield>
    <subfield code="c">GEN</subfield>
    <subfield code="d">2015-07-30</subfield>
    <subfield code="e">COMPRA</subfield>
    <subfield code="g">39.00</subfield>
  </datafield>
</record>
